Bol´šaja sovetskaja enciklopedija. 33, Peč´-Pol´cin. /

Uložené v:
Podrobná bibliografia
Ďalší autori: Vvedenskij, Boris Aleksejevič, 1893- (Editor)
Médium: Kniha
Jazyk:Russian
Vydané: Moskva : Bol'šaja sovetskaja enciklopedija, 1955.
Vydanie:2.izd.
Témy:
ISBN: (viaz.)
Fyzický popis: 669 s.
Tagy: Pridať tag
Žiadne tagy, Buďte prvý kto otaguje tento záznam!

MARC

LEADER 00000nam a2200000 a 4500
001 000027801
003 SVKK
005 20120131150904.0
008 970424s1955 ru e rus d
020 |a (viaz.)  |c Kčs 57,60 
040 |a SVKKK  |b slo  |c SVKKK  |e AACR2 
041 0 |a rus 
044 |a ru  |c RU 
245 0 0 |a Bol´šaja sovetskaja enciklopedija.  |n 33, Peč´-Pol´cin. /  |c red. B.A. Vvedenskij. 
250 |a 2.izd. 
260 |a Moskva :  |b Bol'šaja sovetskaja enciklopedija,  |c 1955. 
300 |a 669 s. 
655 7 |a encyklopédie  |2 SVKKKPH 
700 1 |a Vvedenskij, Boris Aleksejevič,  |d 1893-  |4 edt 
910 |a svkkk 
998 |a BK 
090 |g SCKHL  |k Sklad Pribinova 1. posch.  |a IV.29071  |j 276244  |i B229658  |4 Multiplikát  |s Vyradená 
090 |g SCKHL  |k Sklad Pribinova 3. posch.  |a V.10473  |j 106135  |i 202776-10  |4 Multiplikát  |s Vyradená 
090 |g SCKHL  |k Sklad Pribinova 3. posch.  |a V.10474  |j 106136  |i 100692-10  |4 Multiplikát  |s Vyradená 
090 |g SCKHL  |k Sklad Pribinova 3. posch.  |a V.10475  |j 106137  |i B203499  |4 Multiplikát  |s Vyradená 
090 |g SCKHL  |k Sklad Pribinova 3. posch.  |a V.14764  |j 146069  |i 2720008438  |4 Multiplikát  |s Vyradená 
090 |g SCKHL  |k Sklad Pribinova 3. posch.  |a V.199119  |j 906306  |i 27801-10  |4 Multiplikát  |s Vyradená 
090 |g SCKHL  |k Sklad Pribinova 3. posch.  |a V.32286  |j 305386  |i B229365  |4 Multiplikát  |s Vyradená 
090 |g SCKHL  |k Sklad Pribinova 3. posch.  |a V0.2935  |j 017846  |i 2720791472  |s Prezenčne